00677nam a22002297a 450000500170000001000130001702000220003003500130005203700160006504000120008108200130009310000140010624501090012026000480022927000450027730000260032250000200034865000150036865000250038370000180040870000210042620170124110148.0 aB-092697 c00.00a8176294780 aB-092697 bCen Lib/Ret aDPLbEN a616bKUM aKumar, R. aGuide to body pains :cby R. Kumar, Meena Kumar [and] S. K. Prabhakarbprevention, management and cure / aNew DelhibDeep and Deep Publicationsc2004 aF-159, Rajouri GardenbNew Delhie110027 aviii,224p. c20cm(Hb) aIncludes index  aHomeopathy aAlternative medicine aKumar, Meena  aPrabhakar, S. K.